[Event "Cappelle Online Blitz op"]
[Site "Europe Echecs INT"]
[Date "2022.01.09"]
[Round "2"]
[White "Travadon, Loic"]
[Black "Couche, Didier"]
[Result "1-0"]
[WhiteElo "2437"]
[BlackElo "1947"]
[PlyCount "57"]
[EventDate "2022.01.09"]
[EventType "swiss (blitz)"]
[EventRounds "11"]
[EventCountry "FRA"]
[SourceTitle "EXT 2023"]
[Source "ChessBase"]
[SourceDate "2022.10.05"]
[SourceVersion "1"]
[SourceVersionDate "2022.10.05"]
[SourceQuality "1"]

1. Nf3 d5 2. b3 Bf5 3. Bb2 e6 4. g3 Nf6 5. Bg2 c6 6. 0-0 Nbd7 7. d3 Be7 8. Nbd2 0-0 9. Re1 h6 10. e4 dxe4 11. dxe4 Bh7 12. Qe2 Qc7 13. Rad1 Rad8 14. a4 Bb4 15. c3 Be7 16. e5 Nd5 17. Nc4 N7b6 18. Nd6 Nc8 19. c4 Nb4 20. c5 b6 21. Nxc8 Qxc8 22. cxb6 axb6 23. Nd4 c5 24. Nb5 Bc2 25. Rxd8 Rxd8 26. Nd6 Qb8 27. Bc3 Bxb3 28. Qf3 Bd5 29. Qxf7+ 1-0

[Event "Cappelle Online Blitz op"]
[Site "Europe Echecs INT"]
[Date "2021.03.07"]
[Round "1"]
[White "Couche, Didier"]
[Black "Kamsky, Gata"]
[Result "0-1"]
[WhiteElo "1947"]
[BlackElo "2665"]
[PlyCount "76"]
[EventDate "2021.03.07"]
[EventType "swiss (blitz)"]
[EventRounds "11"]
[EventCountry "FRA"]
[SourceTitle "CBM 201 Extra"]
[Source "ChessBase"]
[SourceDate "2021.05.31"]
[SourceVersion "1"]
[SourceVersionDate "2021.05.31"]
[SourceQuality "1"]

1. d4 Nf6 2. c4 e6 3. Nf3 b6 4. Nc3 Bb4 5. Qb3 a5 6. Bg5 Bb7 7. a3 Bxc3+ 8. Qxc3 a4 9. Nd2 h6 10. Bh4 d6 11. f3 c5 12. dxc5 bxc5 13. e4 Nc6 14. Bd3 Nd4 15. 0-0 0-0 16. b4 axb3 17. Nxb3 Nxe4 18. Qxd4 Qxh4 19. Qe3 Nf6 20. Rfd1 Rfd8 21. a4 Qg5 22. Qf2 Ba6 23. Bf1 h5 24. Qd2 Qxd2 25. Rxd2 Rab8 26. Na5 Rb6 27. Rad1 Kf8 28. Kf2 Ke7 29. g3 Ra8 30. Rd3 Bc8 31. Nb3 Rxa4 32. Rc3 Ra3 33. Rdd3 g5 34. Re3 Bd7 35. h4 gxh4 36. gxh4 Ra2+ 37. Kg3 Rb8 38. Bh3 Rg8+ 0-1

[Event "Cappelle Online Rapid op"]
[Site "Europe Echecs INT"]
[Date "2021.03.06"]
[Round "1"]
[White "Couche, Didier"]
[Black "Bichon, Maryse"]
[Result "1-0"]
[WhiteElo "1947"]
[BlackElo "1316"]
[PlyCount "33"]
[EventDate "2021.03.06"]
[EventType "swiss (rapid)"]
[EventRounds "9"]
[EventCountry "FRA"]
[SourceTitle "CBM 201 Extra"]
[Source "ChessBase"]
[SourceDate "2021.05.31"]
[SourceVersion "1"]
[SourceVersionDate "2021.05.31"]
[SourceQuality "1"]

1. d4 d5 2. c4 c6 3. Nf3 e6 4. e3 Nf6 5. Nbd2 Be7 6. Bd3 0-0 7. 0-0 Nbd7 8. e4 dxe4 9. Nxe4 Nxe4 10. Bxe4 Nf6 11. Bc2 b6 12. Bg5 Ne8 13. Qd3 g6 14. Bh6 c5 15. Bxf8 Bxf8 16. dxc5 bxc5 17. Qxd8 1-0

[Event "Cappelle Online Blitz op 1st"]
[Site "Europe Echecs INT"]
[Date "2021.01.10"]
[Round "7"]
[White "Couche, Didier"]
[Black "Gazay, Didier"]
[Result "1-0"]
[WhiteElo "1947"]
[BlackElo "1653"]
[PlyCount "63"]
[EventDate "2021.01.10"]
[EventType "swiss (blitz)"]
[EventRounds "11"]
[EventCountry "FRA"]
[SourceTitle "CBM 200 Extra"]
[Source "ChessBase"]
[SourceDate "2021.03.31"]
[SourceVersion "1"]
[SourceVersionDate "2021.03.31"]
[SourceQuality "1"]

1. d4 e6 2. c4 d5 3. Nf3 c6 4. e3 f5 5. Bd3 Nf6 6. 0-0 b6 7. b3 a5 8. Ba3 Bxa3 9. Nxa3 0-0 10. Rc1 Qe7 11. Nb1 Bb7 12. cxd5 cxd5 13. Ne5 Rc8 14. Rxc8+ Bxc8 15. Qc2 Nbd7 16. Nf3 Ne4 17. Nbd2 Ndf6 18. Ne5 Nxd2 19. Qxd2 Ne4 20. Bxe4 fxe4 21. Rc1 Ba6 22. Rc3 Qb4 23. Qc1 Qb5 24. h3 Rf8 25. Rc2 a4 26. bxa4 Qxa4 27. Nc6 b5 28. Ne5 b4 29. Rc7 Qb5 30. Rc2 b3 31. axb3 Qxb3 32. Rc6 1-0

[Event "Cappelle Online Blitz op 1st"]
[Site "Europe Echecs INT"]
[Date "2021.01.10"]
[Round "3"]
[White "Couche, Didier"]
[Black "Muller, Lorelei"]
[Result "1-0"]
[WhiteElo "1947"]
[BlackElo "1531"]
[PlyCount "63"]
[EventDate "2021.01.10"]
[EventType "swiss (blitz)"]
[EventRounds "11"]
[EventCountry "FRA"]
[SourceTitle "CBM 200 Extra"]
[Source "ChessBase"]
[SourceDate "2021.03.31"]
[SourceVersion "1"]
[SourceVersionDate "2021.03.31"]
[SourceQuality "1"]

1. d4 Nf6 2. c4 g6 3. Nc3 Bg7 4. e4 d6 5. f4 0-0 6. Nf3 c5 7. d5 Nbd7 8. Be2 a6 9. a4 Re8 10. 0-0 e5 11. dxe6 Rxe6 12. Ng5 Re7 13. Qxd6 h6 14. Nf3 Nxe4 15. Nxe4 Rxe4 16. Qd3 Re8 17. Rd1 Qe7 18. Bf1 Nb6 19. a5 Bf5 20. Qb3 Nc8 21. Bd2 Nd6 22. Re1 Qc7 23. Bc3 Bxc3 24. Qxc3 Ne4 25. Qb3 Rab8 26. g3 Bg4 27. Ne5 Nd2 28. Qc3 Rbd8 29. Nxg4 Rxe1 30. Rxe1 Qc6 31. Nf6+ Kf8 32. Nd5 1-0

[Event "FRA-chT1 1011"]
[Site "France"]
[Date "2010.11.13"]
[Round "2.7"]
[White "Couche, Didier"]
[Black "Borne, Niels"]
[Result "0-1"]
[WhiteElo "2122"]
[BlackElo "2272"]
[PlyCount "68"]
[EventDate "2010.10.17"]
[EventType "team-tourn"]
[EventRounds "11"]
[EventCountry "FRA"]
[SourceTitle "EXT 2012"]
[Source "ChessBase"]
[SourceDate "2011.11.24"]
[SourceVersion "1"]
[SourceVersionDate "2011.11.24"]
[SourceQuality "1"]

1. d4 Nf6 2. c4 e6 3. Nf3 b6 4. e3 Bb7 5. Bd3 d5 6. cxd5 exd5 7. 0-0 Bd6 8. b3 Qe7 9. Nc3 a6 10. Bb2 0-0 11. Ne2 Nbd7 12. Ng3 g6 13. Rc1 Ne4 14. Rc2 Rac8 15. Qc1 f6 16. Nxe4 dxe4 17. Bc4+ Kg7 18. Nd2 b5 19. Be2 Nb6 20. Re1 Nd5 21. a3 Kg8 22. Bf1 f5 23. Nb1 f4 24. Nc3 fxe3 25. fxe3 Rf5 26. g3 Rcf8 27. Bh3 Rh5 28. Bg2 Nxc3 29. Rxc3 Rxh2 30. Rc2 Bxg3 31. Ree2 Rh5 32. Rc5 Qh4 33. Rxh5 gxh5 34. Bf1 Bf2+ 0-1

[Event "Cappelle op 24th"]
[Site "Cappelle la Grande"]
[Date "2008.02.19"]
[Round "5"]
[White "Payen, Arnaud"]
[Black "Couche, Didier"]
[Result "1-0"]
[WhiteElo "2403"]
[BlackElo "2122"]
[PlyCount "41"]
[EventDate "2008.02.16"]
[EventType "swiss"]
[EventRounds "9"]
[EventCountry "FRA"]
[SourceTitle "CBM 122 Extra"]
[Source "ChessBase"]
[SourceDate "2008.03.04"]
[SourceVersion "1"]
[SourceVersionDate "2008.03.04"]
[SourceQuality "1"]

1. Nf3 d5 2. c4 c6 3. e3 e6 4. b3 Nd7 5. Be2 Ngf6 6. Bb2 Bd6 7. Nc3 0-0 8. Qc2 a6 9. h4 Re8 10. Ng5 Nf8 11. d4 b6 12. e4 dxe4 13. Ncxe4 Nxe4 14. Nxe4 Bb4+ 15. Kf1 Be7 16. h5 f5 17. Nd2 c5 18. Nf3 Bb7 19. Rd1 Qc7 20. dxc5 bxc5 21. Be5 1-0

[Event "FRA-chT1A 0607"]
[Site "France"]
[Date "2007.01.25"]
[Round "6.6"]
[White "Couche, Didier"]
[Black "Keller, Christophe"]
[Result "1/2-1/2"]
[WhiteElo "2119"]
[BlackElo "2228"]
[PlyCount "62"]
[EventDate "2006.10.15"]
[EventType "team-tourn"]
[EventRounds "11"]
[EventCountry "FRA"]
[SourceTitle "EXT 2008"]
[Source "ChessBase"]
[SourceDate "2007.11.25"]
[SourceVersion "1"]
[SourceVersionDate "2007.11.25"]
[SourceQuality "1"]
[WhiteTeam "Cappelle la Grande"]
[BlackTeam "Clichy II"]
[WhiteTeamCountry "FRA"]
[BlackTeamCountry "FRA"]

1. d4 e6 2. c4 b6 3. Nf3 Nf6 4. Bg5 h6 5. Bh4 Bb4+ 6. Nc3 g5 7. Bg3 Ne4 8. Qd3 Bb7 9. Nd2 Bxc3 10. bxc3 Nxg3 11. Qxg3 d6 12. h4 Rg8 13. hxg5 hxg5 14. e3 Nd7 15. Be2 Qf6 16. Bf3 0-0-0 17. Bxb7+ Kxb7 18. Qf3+ Qxf3 19. Nxf3 Nf6 20. Nd2 Rh8 21. Ke2 c5 22. f3 Rc8 23. Kd3 Kc7 24. Raf1 Kd7 25. Ne4 Nxe4 26. fxe4 Ke7 27. a4 f6 28. Rb1 Kf7 29. a5 Rxh1 30. Rxh1 Kg7 31. axb6 axb6 1/2-1/2

[Event "FRA-chT2S 0203"]
[Site "France"]
[Date "2003.03.16"]
[Round "9.8"]
[White "Couche, Didier"]
[Black "Vallet, Marc"]
[Result "0-1"]
[WhiteElo "2131"]
[BlackElo "2265"]
[PlyCount "54"]
[EventDate "2002.10.??"]
[EventType "team"]
[EventRounds "11"]
[EventCountry "FRA"]
[SourceTitle "EXT 2004"]
[Source "ChessBase"]
[SourceDate "2003.11.25"]
[SourceVersion "1"]
[SourceVersionDate "2003.11.25"]
[SourceQuality "1"]
[WhiteTeam "Cappelle la Grande"]
[BlackTeam "Lille"]
[WhiteTeamCountry "FRA"]
[BlackTeamCountry "FRA"]

1. d4 Nf6 2. c4 e6 3. Nf3 b6 4. g3 Ba6 5. Qa4 c5 6. Bg2 Bb7 7. dxc5 bxc5 8. Nc3 Be7 9. 0-0 0-0 10. Rd1 Qb6 11. Bf4 d6 12. Rd2 h6 13. h3 e5 14. Be3 Nc6 15. Qb5 Qc7 16. Nh4 Rab8 17. Qa4 a6 18. Nd5 Nxd5 19. cxd5 Nd4 20. Bxd4 exd4 21. Nf5 Bg5 22. Rc2 Qd8 23. g4 g6 24. Ng3 Bc8 25. a3 a5 26. Qc4 Bd7 27. Qd3 Ba4 0-1

[Event "FRA-chT2S 0203"]
[Site "France"]
[Date "2003.??.??"]
[Round "5.7"]
[White "Bianchi, Guillaume"]
[Black "Couche, Didier"]
[Result "1/2-1/2"]
[WhiteElo "2218"]
[BlackElo "2131"]
[PlyCount "87"]
[EventDate "2002.10.??"]
[EventType "team"]
[EventRounds "11"]
[EventCountry "FRA"]
[SourceTitle "EXT 2004"]
[Source "ChessBase"]
[SourceDate "2003.11.25"]
[SourceVersion "1"]
[SourceVersionDate "2003.11.25"]
[SourceQuality "1"]
[WhiteTeam "Arras"]
[BlackTeam "Cappelle la Grande"]
[WhiteTeamCountry "FRA"]
[BlackTeamCountry "FRA"]

1. d4 d5 2. c4 c6 3. Nf3 e6 4. e3 f5 5. Bd3 Nf6 6. 0-0 Bd6 7. b3 Qe7 8. Bb2 0-0 9. Nbd2 Ne4 10. Ne5 Nd7 11. f3 Nxd2 12. Qxd2 Nxe5 13. dxe5 Bc5 14. Kh1 Bd7 15. Qe2 Be8 16. Rac1 Bh5 17. cxd5 cxd5 18. Rc2 Bb6 19. Rfc1 Be8 20. Bd4 Bxd4 21. exd4 Bd7 22. Qd2 Rfc8 23. f4 Qd8 24. Rc5 b6 25. R5c2 Rxc2 26. Rxc2 Rc8 27. b4 Rc7 28. g3 Qc8 29. Rxc7 Qxc7 30. Kg2 Qc6 31. h3 Be8 32. b5 Qc7 33. g4 g6 34. Kg3 Bd7 35. gxf5 gxf5 36. Kf3 Be8 37. Qg2+ Qg7 38. Qg5 Qxg5 39. fxg5 Bh5+ 40. Kf4 Kf7 41. Bc2 Be2 42. a4 Bf1 43. h4 Be2 44. Ke3 1/2-1/2